[Event "RSA-ch U12"]
[Site "Waterkloof"]
[Date "2015.04.07"]
[Round "5"]
[White "Steyn, Roan"]
[Black "Posholi, Kamohelo"]
[Result "0-1"]
[WhiteElo "1081"]
[BlackElo "1189"]
[PlyCount "60"]
[EventDate "2015.04.04"]
[EventType "swiss"]
[EventRounds "9"]
[EventCountry "RSA"]
[SourceTitle "CBM 166 Extra"]
[Source "ChessBase"]
[SourceDate "2015.06.18"]
[SourceVersion "1"]
[SourceVersionDate "2015.06.18"]
[SourceQuality "1"]

1. e4 e5 2. Nf3 Nc6 3. Bc4 Be7 4. 0-0 Nf6 5. d4 exd4 6. Nxd4 Nxe4 7. Nxc6 bxc6 8. Re1 Nf6 9. Bg5 0-0 10. Qe2 Bd6 11. Nc3 Bb4 12. a3 Bxc3 13. bxc3 d5 14. Bd3 Qd6 15. Bxf6 Qxf6 16. c4 Be6 17. cxd5 cxd5 18. c4 c6 19. cxd5 cxd5 20. Qh5 g6 21. Qh6 Rab8 22. h4 Rb2 23. Rf1 Rxf2 24. h5 Rxf1+ 25. Rxf1 Qd4+ 26. Rf2 Qxd3 27. hxg6 Qxg6 28. Qe3 Qb1+ 29. Kh2 Qb8+ 30. Kh1 Kh8 0-1

[Event "RSA-ch U12"]
[Site "Waterkloof"]
[Date "2015.04.04"]
[Round "2"]
[White "Steyn, Roan"]
[Black "Schnabel, Johann Emil"]
[Result "0-1"]
[WhiteElo "1081"]
[BlackElo "1323"]
[PlyCount "106"]
[EventDate "2015.04.04"]
[EventType "swiss"]
[EventRounds "9"]
[EventCountry "RSA"]
[SourceTitle "CBM 166 Extra"]
[Source "ChessBase"]
[SourceDate "2015.06.18"]
[SourceVersion "1"]
[SourceVersionDate "2015.06.18"]
[SourceQuality "1"]

1. e4 c5 2. Nf3 e6 3. d4 cxd4 4. Nxd4 a6 5. Bd3 Qc7 6. 0-0 b5 7. a4 b4 8. Nd2 Bb7 9. Nc4 d6 10. a5 Nd7 11. Bd2 Rb8 12. Bxb4 d5 13. Bxf8 Nxf8 14. exd5 Bxd5 15. Ra4 Ne7 16. Nb6 Nd7 17. c4 Bb7 18. Qg4 Nxb6 19. axb6 Qxb6 20. Qg3 0-0 21. Qh4 Ng6 22. Bxg6 fxg6 23. c5 Qxc5 24. f3 e5 25. Kh1 exd4 26. Rxd4 g5 27. Qf2 Qc7 28. Rfd1 Rbc8 29. Rd7 Qxd7 30. Rxd7 Rc1+ 31. Qg1 Rxg1+ 32. Kxg1 Bc6 33. Rd6 Bb5 34. b4 g4 35. Kf2 gxf3 36. gxf3 Rf4 37. Ke3 Rxb4 38. Kd2 Rb2+ 39. Kc1 Rxh2 40. Rd2 Rxd2 41. Kxd2 h5 42. Ke1 a5 43. f4 a4 44. f5 h4 45. f6 a3 46. Kf2 a2 47. Kg2 a1Q 48. f7+ Kxf7 49. Kh3 Bd7+ 50. Kxh4 g5+ 51. Kxg5 Qf6+ 52. Kh5 Qf5+ 53. Kh6 Qg6# 0-1